00629nam a22001697a 450000500170000001000150001702000260003203500140005803700090007208200100008110000340009124500610012525000200018626000840020627001150029030000540040520250106145118.0 aHIN-128991 a9789355437877c399.00 aHN-101337 bDBAD a158.1 aग्रांट, एडम aथिंक अगेन/cएडम ग्रांट aप्रथम aनोएडाbमंजुल पब्लिशिंग हाउसc2024 aसी-16, सेक्टर- 3, नोएडाbनोएडा, उत्तर प्रदेशe201301 a267पृ.c 22सेमी (अजिल्द )